| 000 | 00000nam##2200000za#4500 |
| 001 | 9.574488 |
| 003 | CaOODSP |
| 005 | 20210624184216 |
| 007 | cr ||||||||||| |
| 008 | 150406|2005||||xxc|||||o f|0| 0 eng|d |
| 040 | |aCaOODSP|beng |
| 043 | |an-cn--- |
| 086 | 1 |aTU3-5/05-46E-PDF |
| 110 | 2 |aTransportation Safety Board of Canada. |
| 245 | 10|aIn-flight break-up - Helifor Industries Limited, Boeing Vertol BV-107 II (helicopter) C-GHFT, South Bentinck Arm, British Columbia, 03 November 2005 |h[electronic resource] |
| 260 | |aGatineau - Quebec : |bTransportation Safety Board of Canada |c2006. |
| 300 | |a13p.|bfigs., table, photographs |
| 490 | 1 |aAviation investigation report |vA05P0269 |
| 500 | |a"The Board authorized the release of this report on 07 July 2006" --p.13. |
| 590 | |a12-33-Supp|b2012-07-18 |
| 775 | 08|tDislocation en vol du Boeing Vertol BV-107 II (hélicoptère) C-GHFT, exploité par Helifor Industries Limited dans le bras de mer South Bentinck (Colombie-Britannique), le 3 novembre 2005 |w(CaOODSP)9.604232 |
| 830 | #0|aAviation investigation report ;|vA05P0269|w(CaOODSP)9.504825 |
| 856 | 40|ahttp://publications.gc.ca|qPDF|s330 KB|uhttps://publications.gc.ca/collections/collection_2012/bst-tsb/TU3-5-05-46-eng.pdf|yA05P0269 |